LIBRARY & INFORMATION CENTRE, KCAET, TAVANUR

ONLINE PUBLIC ACCESS CATALOGUE (OPAC)

Fitting the task to the human : (Record no. 15414)

MARC details
000 -LEADER
fixed length control field 00629cam a2200217 a 4500
020 ## - INTERNATIONAL STANDARD BOOK NUMBER
ISBN 0748406646
020 ## - INTERNATIONAL STANDARD BOOK NUMBER
ISBN 0748406654
082 00 - DEWEY DECIMAL CLASSIFICATION NUMBER
Classification number 612.042
Item number KRI/FI
100 1# - MAIN ENTRY--AUTHOR NAME
Personal name Kroemer, K. H. E.,
245 10 - TITLE STATEMENT
Title Fitting the task to the human :
250 ## - EDITION STATEMENT
Edition statement 5th ed.
260 ## - PUBLICATION, DISTRIBUTION, ETC. (IMPRINT)
Place of publication London ;
-- Bristol, PA :
Name of publisher Taylor & Francis,
Year of publication c1997.
300 ## - PHYSICAL DESCRIPTION
Number of Pages x, 416 p. :
Other physical details ill. ;
500 ## - GENERAL NOTE
General note On previous ed. the author Grandjean appears first.
650 #0 - SUBJECT ADDED ENTRY--TOPICAL TERM
Topical Term Work
650 #0 - SUBJECT ADDED ENTRY--TOPICAL TERM
Topical Term Human mechanics.
650 #0 - SUBJECT ADDED ENTRY--TOPICAL TERM
Topical Term Human engineering.
650 #0 - SUBJECT ADDED ENTRY--TOPICAL TERM
Topical Term Industrial hygiene.
700 1# - ADDED ENTRY--PERSONAL NAME
Personal name Grandjean, E.
942 ## - ADDED ENTRY ELEMENTS (KOHA)
Koha item type Books
Holdings
Withdrawn status Lost status Damaged status Collection code Home library Current library Shelving location Date acquired Source of acquisition Cost, normal purchase price Full call number Accession Number Koha item type
      Reference KAUAET KAUAET Reference 31/03/2018 Vigyan Books 9308.00 612.042 KRI/FI 25721 Reference
free website counter